LEADER 02346nas 2200637- 450 001 996219430903316 005 20231101153720.0 011 $a1865-9446 035 $a(OCoLC)571688570 035 $a(CKB)110978979119373 035 $a(CONSER)--2015204123 035 $a(DE-599)ZDB2454656-2 035 $a(EXLCZ)99110978979119373 100 $a20100325a19879999 s-- a 101 0 $ager 135 $aurbn||||||abp 135 $aurbn||||||ada 181 $ctxt$2rdacontent 182 $cc$2rdamedia 183 $acr$2rdacarrier 200 10$aEditio $eInternationales Jahrbuch für Editionswissenschaft = International yearbook of scholarly editing = Revue internationale des sciences de l'édition critique 210 31$aBerlin :$cDe Gruyter 300 $aPrint version published: Tübingen : Max Niemeyer Verlag, 1987-2009; Berlin : De Gruyter, 2010- 311 $a0931-3079 517 1 $aInternationales Jahrbuch für Editionswissenschaft 517 1 $aInternational yearbook of scholarly editing 517 1 $aRevue internationale des sciences de l'édition critique 531 $aEDITIO INTERNATIONALES JAHRBUCH FUER EDITIONSWISSENSCHAFT 606 $aEditing$vPeriodicals 606 $aCriticism, Textual$vPeriodicals 606 $aScholarly publishing$vPeriodicals 606 $aÉdition$vPériodiques 606 $aCritique textuelle$vPériodiques 606 $aScholarly publishing$2fast$3(OCoLC)fst01106866 606 $aCriticism, Textual$2fast$3(OCoLC)fst00883762 606 $aEditing$2fast$3(OCoLC)fst00902451 606 $aUitgeven$2gtt 608 $aPeriodicals.$2fast 608 $aPeriodicals.$2lcgft 615 0$aEditing 615 0$aCriticism, Textual 615 0$aScholarly publishing 615 6$aÉdition 615 6$aCritique textuelle 615 7$aScholarly publishing. 615 7$aCriticism, Textual. 615 7$aEditing. 615 17$aUitgeven. 676 $a808/.027/05 712 02$aArbeitsgemeinschaft für Germanistische Edition, 712 02$aAllgemeine Gesellschaft für Philosophie in Deutschland.$bArbeitsgemeinschaft Philosophischer Editionen, 712 02$aGesellschaft für Musikforschung (1946- ).$bFachgruppe Freie Forschungsinstitute, 906 $aJOURNAL 912 $a996219430903316 996 $aEditio$92426814 997 $aUNISA LEADER 03639oas 22013093a 450 001 9910134135603321 005 20251029163220.0 011 $a1540-6245 035 $a(DE-599)ZDB2048660-1 035 $a(OCoLC)50075052 035 $a(CONSER) 2002214342 035 $a(CKB)954925409801 035 $a(EXLCZ)99954925409801 100 $a20020627a19419999 sy a 101 0 $aeng 135 $aurcnu|||||||| 181 $ctxt$2rdacontent 182 $cc$2rdamedia 183 $acr$2rdacarrier 200 14$aThe journal of aesthetics and art criticism 210 $a[Malden, Mass.] $cPublished by Blackwell Publishers for the American Society for Aesthetics 210 3 $a[Oxford, England] $c[Oxford University Press on behalf of the American Society for Aesthetics] 311 18$a0021-8529 517 3 $aJournal of aesthetics & art criticism 531 0 $aJ. aesthet. art crit. 606 $aAesthetics$vPeriodicals 606 $aArt criticism$vPeriodicals 606 $aCritique d'art$vPe?riodiques 606 $aArt Criticism$2ebps$3(uri) http://id.worldcat.org/fast/fst00815492 606 $aAesthetics$2ebps$3(uri) http://id.worldcat.org/fast/fst00798702 606 $aAesthetics$2fast$3(OCoLC)fst00798702 606 $aArt criticism$2fast$3(OCoLC)fst00815492 606 $aKunstkritik$2gnd 606 $a20.07 art criticism, art review$3(NL-LeOCL)077593715$2bcl 606 $a08.41 esthetics$3(NL-LeOCL)077593499$2bcl 606 $aKunstkritiek$2gtt 606 $aKunstbeschouwing$2gtt 606 $aEsthetica$2gtt 606 $aAesthetics$vPeriodicals$2nli 606 $aArt criticism$vPeriodicals$2nli 606 $aEsthe?tique$2rasuqam 606 $aCritique d'art$2rasuqam 608 $aperiodicals.$2aat 608 $aPeriodicals.$2fast 608 $aPeriodicals.$2lcgft 608 $aPe?riodiques.$2rvmgf 608 $aZeitschrift$2swd 608 $aOnline-Publikation$2swd 608 $aPe?riodique e?lectronique (Descripteur de forme)$2rasuqam 608 $aRessource Internet (Descripteur de forme)$2rasuqam 615 0$aAesthetics 615 0$aArt criticism 615 6$aCritique d'art 615 7$aArt Criticism. 615 7$aAesthetics. 615 7$aAesthetics. 615 7$aArt criticism. 615 7$aKunstkritik. 615 7$a20.07 art criticism, art review. 615 7$a08.41 esthetics. 615 17$aKunstkritiek. 615 17$aKunstbeschouwing. 615 17$aEsthetica. 615 7$aAesthetics 615 7$aArt criticism 615 7$aEsthe?tique. 615 7$aCritique d'art. 676 $a701.18 712 02$aAmerican Society for Aesthetics 801 0$bNSD 801 1$bNSD 801 2$bOCLCQ 801 2$bEYM 801 2$bOCL 801 2$bOCLCQ 801 2$bOCLCF 801 2$bNUI 801 2$bOCLCQ 801 2$bDEBBG 801 2$bDEFHM 801 2$bOCLCO 801 2$bWT2 801 2$bNLE 801 2$bELW 801 2$bOCLCO 801 2$bOCLCQ 801 2$bEZC 801 2$bOCLCQ 801 2$bOCLCO 801 2$bAU@ 801 2$bUKMGB 801 2$bVT2 801 2$bOCLCQ 801 2$bU3W 801 2$bOCLCO 801 2$bNJT 801 2$bOCLCA 801 2$bOCLCQ 801 2$bOCLCO 801 2$bLDP 801 2$bDLC 801 2$bOCLCQ 801 2$bOCLCA 801 2$bOCLCL 801 2$bXND 801 2$bUEJ 801 2$bOCLCL 801 2$bOCLCE 906 $aJOURNAL 912 $a9910134135603321 996 $aJournal of aesthetics and art criticism$9977032 997 $aUNINA